Ready-to-use oriental designs : 495 different copyright-free designs printed one side (Record no. 285470)

MARC details
000 -LEADER
fixed length control field 00726nam a2200229Ia 4500
008 - FIXED-LENGTH DATA ELEMENTS--GENERAL INFORMATION
fixed length control field 191130s1999##################000#0#eng##
020 ## - INTERNATIONAL STANDARD BOOK NUMBER
ISBN 9780486402765
082 ## - DEWEY DECIMAL CLASSIFICATION NUMBER
Classification number 745.4095 KAT
100 ## - MAIN ENTRY--AUTHOR NAME
Personal name Kate, Maggie
245 ## - TITLE STATEMENT
Title Ready-to-use oriental designs : 495 different copyright-free designs printed one side
Statement of responsibility, etc selected and arranged by Maggie Kate
260 ## - PUBLICATION, DISTRIBUTION, ETC. (IMPRINT)
Place of publication Mineola, NY
Name of publisher Dover Publications
Year of publication c1999
300 ## - PHYSICAL DESCRIPTION
Number of Pages 32 leaves : all col. ill. ; 28 cm
500 ## - GENERAL NOTE
General note Cover title
650 ## - SUBJECT ADDED ENTRY--TOPICAL TERM
Topical Term Art, Asian
Topical Term Clip art
Topical Term Decoration and ornament - East Asia
991 ## -
-- 322751
Holdings
Withdrawn status Lost status Damaged status Not for loan Home library Current library Shelving location Date acquired Full call number Accession Number Price effective from Koha item type
        Anna Centenary Library Anna Centenary Library 6TH FLOOR, B WING 15.10.2020 745.4095 KAT 402900 15.10.2020 English Books
        Anna Centenary Library Anna Centenary Library 6TH FLOOR, B WING 15.10.2020 745.4095 KAT 402901 15.10.2020 English Books

Find us on the map